000 00586nam a22001817a 4500
005 20250124125914.0
008 250124b |||||||| |||| 00| 0 eng d
020 _a9781133354727
050 _aHM1033
_b.Z37 ZAS
100 _aZastrow Charles H.
245 _aUnderstanding Human Behavior and the Social Environment
_cCharles H. Zastrow & Karen K. Kirst-Ashman
250 _a9th Ed.
260 _aAustralia
_bCengage Learning
_c2013
300 _axxiii. 744p.
_bill. col.
_c25.5 cm 20.5 cm
650 _2Human Behavior
700 _aKirst-Ashman Karen K.
942 _2lcc
_cBK
_e9th Ed.
_n0
999 _c3014
_d3014